00428nam a22001457a 4500003000400000008004100004020001800045082001800063100001800081245009300099260004100192300001400233650001900247700001600266OSt240702b |||||||| |||| 00| 0 eng d a9781422119150 a658.1511bBEF aBERMAN, Karen aFinancial Intelligence for Entrepreneurs: What You Really Need to Know About the Numbers aUSA:bHarvard Business Press,c2008. axiv,284p. aGeneral Books  aJoe Knight